<?xml version="1.0" encoding="UTF-8"?><marc:collection xmlns:marc="http://www.loc.gov/MARC21/slim">
  <marc:record>
    <marc:leader>00000nam##2200000za#4500</marc:leader>
    <marc:controlfield tag="001">9.571005</marc:controlfield>
    <marc:controlfield tag="003">CaOODSP</marc:controlfield>
    <marc:controlfield tag="005">20210624182519</marc:controlfield>
    <marc:controlfield tag="007">cr |||||||||||</marc:controlfield>
    <marc:controlfield tag="008">150406|2007||||xxc|||||o    f|0| 0 eng|d</marc:controlfield>
    <marc:datafield tag="040" ind1=" " ind2=" ">
      <marc:subfield code="a">CaOODSP</marc:subfield>
      <marc:subfield code="b">eng</marc:subfield>
    </marc:datafield>
    <marc:datafield tag="043" ind1=" " ind2=" ">
      <marc:subfield code="a">n-cn---</marc:subfield>
    </marc:datafield>
    <marc:datafield tag="086" ind1="1" ind2=" ">
      <marc:subfield code="a">YC32-0/391-12E-PDF</marc:subfield>
    </marc:datafield>
    <marc:datafield tag="110" ind1="1" ind2=" ">
      <marc:subfield code="a">Canada. </marc:subfield>
      <marc:subfield code="b">Parliament. </marc:subfield>
      <marc:subfield code="b">Senate. </marc:subfield>
      <marc:subfield code="b">Standing Committee on Human Rights.</marc:subfield>
    </marc:datafield>
    <marc:datafield tag="245" ind1="1" ind2="0">
      <marc:subfield code="a">Canada and the United Nations Human Rights Council : </marc:subfield>
      <marc:subfield code="h">[electronic resource]</marc:subfield>
      <marc:subfield code="b">at the crossroads / </marc:subfield>
      <marc:subfield code="c">The Honourable Raynell Andreychuk, chair ; the Honourable Joan Fraser, deputy chair. </marc:subfield>
    </marc:datafield>
    <marc:datafield tag="246" ind1="3" ind2=" ">
      <marc:subfield code="a">Interim report, Standing Senate Committee on Human Rights</marc:subfield>
    </marc:datafield>
    <marc:datafield tag="260" ind1=" " ind2=" ">
      <marc:subfield code="a">Ottawa - Ontario : </marc:subfield>
      <marc:subfield code="b">Senate. </marc:subfield>
      <marc:subfield code="c">May 2007.</marc:subfield>
    </marc:datafield>
    <marc:datafield tag="300" ind1=" " ind2=" ">
      <marc:subfield code="a">99p.</marc:subfield>
      <marc:subfield code="b">references, tables</marc:subfield>
    </marc:datafield>
    <marc:datafield tag="490" ind1="1" ind2=" ">
      <marc:subfield code="a">Report of the Standing Senate Committee on Human Rights</marc:subfield>
      <marc:subfield code="v">[39th Parliament, 1st Session, 12th report]</marc:subfield>
    </marc:datafield>
    <marc:datafield tag="590" ind1=" " ind2=" ">
      <marc:subfield code="a">11-12-Supp</marc:subfield>
      <marc:subfield code="b">2011-07-29</marc:subfield>
    </marc:datafield>
    <marc:datafield tag="775" ind1="0" ind2="8">
      <marc:subfield code="t">Le Canada et le Conseil des droits de l'homme des Nations Unies : </marc:subfield>
      <marc:subfield code="w">(CaOODSP)9.601648</marc:subfield>
    </marc:datafield>
    <marc:datafield tag="830" ind1="#" ind2="0">
      <marc:subfield code="a">Report of the Standing Senate Committee on Human Rights ;</marc:subfield>
      <marc:subfield code="v">[39th Parliament, 1st Session, 12th report]</marc:subfield>
      <marc:subfield code="w">(CaOODSP)9.505251</marc:subfield>
    </marc:datafield>
    <marc:datafield tag="856" ind1="4" ind2="0">
      <marc:subfield code="a">http://publications.gc.ca</marc:subfield>
      <marc:subfield code="q">PDF</marc:subfield>
      <marc:subfield code="s">611 Ko</marc:subfield>
      <marc:subfield code="u">https://publications.gc.ca/collections/collection_2011/sen/yc32-0/YC32-0-391-12-eng.pdf</marc:subfield>
      <marc:subfield code="y">[39th Parliament, 1st Session, 12th report]</marc:subfield>
    </marc:datafield>
  </marc:record>
</marc:collection>
